000 00322nam a2200133Ia 4500
008 220204s9999 xx 000 0 und d
082 _a581.524
_bPAP
100 _aPapanek, Victor
245 0 _aDesign for the real world
260 _aLondon
_bGranada
_c1977
650 _aEcology
650 _aHuman ecology
942 _cBK
999 _c29517
_d29517